Anatomy of the monocotyledons. V 7. Helobiae(alismatidae)including the sea grasses. (Record no. 36732)

MARC details
000 -LEADER
fixed length control field 00364nam a2200121Ia 4500
082 ## - DEWEY DECIMAL CLASSIFICATION NUMBER
Classification number 582.52:581.4
Item number MET.7
245 #0 - TITLE STATEMENT
Title Anatomy of the monocotyledons. V 7. Helobiae(alismatidae)including the sea grasses.
260 ## - PUBLICATION, DISTRIBUTION, ETC. (IMPRINT)
Place of publication Oxford
Name of publisher Clarendon
Year of publication 1982
650 ## - SUBJECT ADDED ENTRY--TOPICAL TERM
Topical Term Monocotyledons
700 ## - ADDED ENTRY--PERSONAL NAME
Personal name METCALFE, C R
942 ## - ADDED ENTRY ELEMENTS (KOHA)
Koha item type Books
Holdings
Withdrawn status Lost status Damaged status Not for loan Home library Current library Date acquired Full call number Accession Number Koha item type
        RRII Library RRII Library 16/12/2021 582.52:581.4 MET.7 17133 Books